5HLuxD.jpg

KING HENRY VIII SENIOR AND PRIMARY SCHOOL LIBRARY OPAC

The brightest night : (Record no. 5199)

000 -LEADER
fixed length control field 01685cam a2200361 ab4500
001 - CONTROL NUMBER
control field 2464699
003 - CONTROL NUMBER IDENTIFIER
control field OSt
005 - DATE AND TIME OF LATEST TRANSACTION
control field 20250825104959.0
008 - FIXED-LENGTH DATA ELEMENTS--GENERAL INFORMATION
fixed length control field 241111s2021 nyuab b 000 0 eng d
020 ## - INTERNATIONAL STANDARD BOOK NUMBER
International Standard Book Number 9781338730852
040 ## - CATALOGING SOURCE
Original cataloging agency YDX
Language of cataloging eng
Transcribing agency YDX
Modifying agency OPW
-- SDG
-- MZG
-- JTH
-- BKL
-- OCLCF
-- CGB
-- JTH
-- CLE
-- OCLCO
-- JQW
-- ACN
-- EHH
-- RNL
-- OCLCO
-- INR
-- TCPL
-- KH8
Description conventions aacr2
042 ## - AUTHENTICATION CODE
Authentication code nbic
082 ## - DEWEY DECIMAL CLASSIFICATION NUMBER
Classification number FIC SUT
100 1# - MAIN ENTRY--PERSONAL NAME
Personal name Sutherland, Tui,
Dates associated with a name 1978-
Relator term author.
245 14 - TITLE STATEMENT
Title The brightest night :
Remainder of title the graphic novel /
Statement of responsibility, etc. by Tui T. Sutherland ; adapted by Barry Deutsch and Rachel Swirsky ; art by Mike Holmes ; color by Maarta Laiho.
246 34 - VARYING FORM OF TITLE
Title proper/short title The graphic novel.
250 ## - EDITION STATEMENT
Edition statement 1st ed.
260 ## - PUBLICATION, DISTRIBUTION, ETC.
Place of publication, distribution, etc. New York, NY :
Name of publisher, distributor, etc. Graphix, an imprint of Scholastic,
Date of publication, distribution, etc. 2021.
300 ## - PHYSICAL DESCRIPTION
Extent 216 p. :
Other physical details chiefly col. ill., col. map ;
Dimensions 23 cm.
490 1# - SERIES STATEMENT
Series statement Wings of fire ;
Volume/sequential designation book 5.
520 ## - SUMMARY, ETC.
Summary, etc. "Sunny has always taken the Dragonet Prophecy very seriously. If Pyrrhia's dragons need her, Clay, Tsunami, Glory, and Starflight to end the war and choose the next queen of the SandWings, she's ready to try. She even has some good ideas how to do it, if anyone would listen to her." --Front jacket flap.
650 #0 - SUBJECT ADDED ENTRY--TOPICAL TERM
Topical term or geographic name entry element Dragons
Form subdivision Comic books, strips, etc.
650 #0 - SUBJECT ADDED ENTRY--TOPICAL TERM
Topical term or geographic name entry element Prophecies
Form subdivision Comic books, strips, etc.
650 #0 - SUBJECT ADDED ENTRY--TOPICAL TERM
Topical term or geographic name entry element Identity (Philosophical concept)
Form subdivision Comic books, strips, etc.
650 #0 - SUBJECT ADDED ENTRY--TOPICAL TERM
Topical term or geographic name entry element Kings and rulers
Form subdivision Comic books, strips, etc.
700 1# - ADDED ENTRY--PERSONAL NAME
Personal name Deutsch, Barry.
700 1# - ADDED ENTRY--PERSONAL NAME
Relationship information Graphic novelization of (work):
Personal name Sutherland, Tui,
Dates associated with a name 1978-
Title of a work Brightest night.
700 1# - ADDED ENTRY--PERSONAL NAME
Personal name Swirsky, Rachel.
700 1# - ADDED ENTRY--PERSONAL NAME
Personal name Holmes, Mike.
700 1# - ADDED ENTRY--PERSONAL NAME
Personal name Laiho, Maarta.
830 #0 - SERIES ADDED ENTRY--UNIFORM TITLE
Uniform title Wings of fire ;
Volume/sequential designation book 5.
942 ## - ADDED ENTRY ELEMENTS (KOHA)
Source of classification or shelving scheme
Koha item type Graphic Novel
Holdings
Withdrawn status Lost status Source of classification or shelving scheme Damaged status Not for loan Collection code Permanent Location Current Location Shelving location Date acquired Total Checkouts Full call number Barcode Date last seen Date last checked out Price effective from Koha item type
          Fiction KH8 Senior School Library KH8 Senior School Library Graphic Novel 2025-08-25 2 FIC SUT 3KHSL000102327 2025-11-24 2025-11-20 2025-08-25 Graphic Novel

Powered By KH8 IT Dept